| 000 | 00000nam##2200000za#4500 |
| 001 | 9.700390 |
| 003 | CaOODSP |
| 005 | 20210625000819 |
| 007 | cr ||||||||||| |
| 008 | 150407|1981||||xxc|||||o f|0| 0 eng|d |
| 040 | |aCaOODSP|beng |
| 043 | |an-cn--- |
| 086 | 1 |aA53-1473/1981E-PDF |
| 110 | 1 |aCanada.|bAgriculture Canada. |bInformation Services. |
| 245 | 10|aManaging crested wheatgrass pastures / |h[electronic resource]|c[by] S. Smoliak and A. Johnston, R.W. Lodge. |
| 250 | |aPrinted 1972, rev. 1981 |
| 260 | |aOttawa - Ontario : |bAgriculture Canada. |c1981. |
| 300 | |a24p.|bfigs., tables |
| 500 | |aHistorical publication digitized by Agriculture and Agri-Food Canada. |
| 590 | |a15-03-Supp|b2015-03-13 |
| 690 | 07|aPlant diseases|2gcpds |
| 720 | 1 |aLodge, Robert W. |
| 720 | 1 |aSmoliak, S. |
| 720 | 1 |aJohnston, A. |
| 775 | 08|tConduite des pâturages d'agropyre à crête / |w(CaOODSP)9.644284 |
| 856 | 40|ahttp://publications.gc.ca|qPDF|s1119 KB|uhttps://publications.gc.ca/collections/collection_2015/aac-aafc/A53-1473-1981-eng.pdf |
| 986 | |aPublication 1473/E |